Invitation to social work /

The perfect friend. The social servant. The political animal. Conclusions.

Đã lưu trong:
书目详细资料
主要作者: Jordan, Bill, 1941-
格式: 图书
语言:English
出版: Oxford [Oxfordshire] : Blackwell, 1987.
主题:
标签: 添加标签
没有标签, 成为第一个标记此记录!
Thư viện lưu trữ: Mạng thư viện Đại học Đà Nẵng
LEADER 00926cam a2200349 i 4500
001 000048124
003 7827
005 20041027094227.0
008 010316b1987 vm 000 eng
020 |a 0631155473 
040 |a IRC  |c IRC  |d IRC 
041 0 |a eng 
082 1 4 |a 361.3  |b JO-B 
100 1 |a Jordan, Bill,  |d 1941- 
245 1 0 |a Invitation to social work /  |c Bill Jordan. 
260 |a Oxford [Oxfordshire] :  |b Blackwell,  |c 1987. 
300 |a 198 p. ;  |c 21.3 cm. 
520 3 |a The perfect friend. The social servant. The political animal. Conclusions. 
630 0 4 |a Social service. 
630 0 4 |a Social workers. 
650 0 4 |a Social service. 
650 0 4 |a Social workers. 
OWN |a DUT 
999 |a From the UDN01 
TYP |a Monograph 
TYP |a Printed language 
980 |a Mạng thư viện Đại học Đà Nẵng